000 00334nam a22001457a 4500
008 221122b ||||| |||| 00| 0 eng d
020 _a9780205831913
041 _aeng
080 _2SEVENTH EDITION
_a159.9
082 _a159.9 BER
100 _a25
101 _aPSI
245 _aINFANTS AND CHILDREN
_cBERL E.L
942 _2udc
_cBK
999 _c59010
_d59010